00408 2200157 4500001002100000005001500021020002200036035002000058082000800078084001400086100001900100245004700119260004400166300002800210990001200238INLIS00000000000266120250903090405 a978-623-7478-35-5 a0010-0925000008 a100 a100 MUH s0 aMuhammad Irsan1 aSecangkir Kopi Inspirasi /cMuhammad Irsan aJakarta :bEsensi Erlangga Group,c2021 a200 hlm ;c14,5 x 21 cm a0755361